000 00717nam a2200217Ii 4500
003 JO-AjNU
008 230605s9999||||xx |||||||||||||| ||und||
017 _a2007/6/1746
040 _aJO-AjNU
_bara
_erda
_cJO-AjNU
041 _aara
050 1 4 _aTX911.D22 2007
100 3 _aالدباس، خليل أحمد,
_eauthor
_928373
245 0 0 _aالإعلان والترويج الفندقي
250 _aط1
264 3 1 _aعمان: دار كنوز المعرفة العلمية للنشر والتوزيع، 2007
300 _a197ص
336 _atext
_btxt
_2rdacontent
337 _aunmediated
_bn
_2rdamedia
338 _avolume
_bnc
_2rdacarrier
650 4 _aالفنادق- صناعة السياحة
_928374
999 _aA10998
_c14566
_d14566